Territorrios españoles del Golfo de Guinea (Registro nro. 27653)

Detalles MARC
000 -LEADER
campo de control de longitud fija 00918nam a2200205 i 4500
001 - NÚMERO DE CONTROL
campo de control 27653
003 - IDENTIFICADOR DE NÚMERO DE CONTROL
campo de control ES-MaACL
005 - FECHA Y HORA DE LA ÚLTIMA TRANSACCIÓN
campo de control 20230906153656.0
007 - CAMPO FIJO DE DESCRIPCIÓN FÍSICA--INFORMACIÓN GENERAL
campo de control de longitud fija t|
008 - DATOS DE LONGITUD FIJA--INFORMACIÓN GENERAL
campo de control de longitud fija 030115s1942 sp ||||1| spa d
100 1# - ENTRADA PRINCIPAL--NOMBRE DE PERSONA
Nombre de persona Arbelo Curbelo, Antonio.
9 (RLIN) 22385
245 10 - MENCIÓN DEL TÍTULO
Título Territorrios españoles del Golfo de Guinea
Resto del título : contribución al estudio de la despoblación indígena en los territorios españoles del Golfo de Guinea con particularidad en Fernando Poo : Campaña sanitaria 1939-1940 /
Mención de responsabilidad, etc. por Antonio Arbelo Curbelo y R. Villarino Ulloa.
260 ## - PUBLICACIÓN, DISTRIBUCIÓN, ETC.
Lugar de publicación, distribución, etc. Madrid :
Nombre del editor, distribuidor, etc. [s.n.,
Fecha de publicación, distribución, etc. 1942] (
Fabricante Diana Artes Gráficas)
300 ## - DESCRIPCIÓN FÍSICA
Extensión 103 p. ;
Dimensiones 25 cm.
650 #4 - PUNTO DE ACCESO ADICIONAL DE MATERIA--TÉRMINO DE MATERIA
Término de materia o nombre geográfico como elemento de entrada Mujeres-
Subdivisión general Salud e higiene-
Subdivisión geográfica Guinea Ecuatorial.
9 (RLIN) 160602
650 #4 - PUNTO DE ACCESO ADICIONAL DE MATERIA--TÉRMINO DE MATERIA
Término de materia o nombre geográfico como elemento de entrada Niños-
Subdivisión general Mortalidad-
Subdivisión geográfica Guinea Ecuatorial.
9 (RLIN) 160603
650 #4 - PUNTO DE ACCESO ADICIONAL DE MATERIA--TÉRMINO DE MATERIA
Término de materia o nombre geográfico como elemento de entrada Fecundidad humana-
Subdivisión geográfica Guinea Ecuatorial.
9 (RLIN) 160604
700 1# - ENTRADA AGREGADA--NOMBRE PERSONAL
Nombre de persona Villarino Ulloa, R.
9 (RLIN) 115128
852 ## - LOCALIZACIÓN
Ubicación ES-MaACL
Número de control de estantería 1840-F-12
Sublocalización o colección R.19889
Existencias
Estatus retirado Estado de pérdida Estado de daño No para préstamo Colección Biblioteca de origen Biblioteca actual Ubicación en estantería Fecha de adquisición Fuente de adquisición Total de préstamos Signatura topográfica completa Código de barras Visto por última vez Precio de reemplazo Tipo de ítem Koha
        Colección de folletos Biblioteca del Ateneo de Madrid Biblioteca del Ateneo de Madrid Depósito folletos 17/01/2008     1840-F-12 1028556 23/02/2023 23/02/2023 Folleto